000 00731cam a2200217 a 4500
001 000006183
005 20200929151950.0
008 770617s1966 sp 001 p spa
040 _aDO-SdBNP
_bspa
_cBNPHU
082 _axx
_bxx
100 1 _aAldana, Francisco de,
_d1537-1578.
_917328
245 1 0 _aPoesías /
_cFrancisco de Aldana ; edición, introducción y notas, Elias L. Rivers.
260 _aMadrid :
_bEspasa-Calpe,
_c1966.
300 _alv, 151 p. ;
_c20 cm.
490 1 _aClásicos castellanos,
_vno. 143
504 _aBibliografía: p. [liv]-lv.
650 4 _aPoesía española
_9631
650 4 _aLiteratura española
_9632
700 1 _aRivers, Elias L.,
_eed.
_917329
830 0 _aClásicos castellanos,
_vno. 143
_94180
999 _c5978
_d5978